Methods of environment impact assessment

Bibliographic Details
Other Authors: Morris, Peter, Therivel, Riki
Format: Book
Language:English
Published: London : Spon Press , 2001
Edition:2nd.ed.
Subjects:

MARC

LEADER 00000cam a2200000 7i4500
001 0000020064
005 20090107.0
008 081216s -us i eng
020 |a 0415239591 
040 |a INS 
090 0 0 |a TD194.68.G7   |b M48 2001 
245 0 0 |a Methods of environment impact assessment   |c edited by Peter Morris and Riki Therivel 
250 |a 2nd.ed. 
260 |a London :   |b Spon Press ,   |c 2001 
300 |a xiv, 492p. ;   |c 23cm. 
500 |a Includes index 
650 0 0 |a Environmental impact analysis   |z European Union Countries 
650 0 0 |a Environmental impact analysis   |z Great Britain 
700 1 |a Morris, Peter 
700 1 |a Therivel, Riki 
999 |a 0000020390   |b BOOK   |c Open Shelf   |e Default branch